000 00414nam a22001817a 4500
003 OSt
008 230511b |||||||| |||| 00| 0 eng d
020 _a9788176567527
082 _a004 SIC
100 _aSINHA,Pradeep K
245 _aComputer Fundamentals
250 _a8th Ed
260 _aNew Delhi
_bBPB
_c2021
300 _a510
650 _aDecentralization
700 _aSINHA,Priti
942 _2ddc
_cREF
999 _c12030
_d12030